00940 2200337 4500001002100000005001500021035002000036007000300056040001700059100002900076245006700105250001000172300003300182504002300215020002200238041000800260082001100268084001700279090002200296264003700318336002100355337003000376338002300406500003500429650001100464700003600475850001000511008004100521990002000562990002000582INLIS00000000000886920260513022429 a0010-1022000244ta aSBPUPADbInd0 aEllen TjandraePengarang1 aMengenal Estuaria(Muara) /cEllen Tjandra;Editor,Diah Rahmatia aCet.1 aiv,60 Hlm :billus. ;c25 cm aBibliografi,Hlm 59 a978-602-97501-4-007aind a551.45 a551.45 ELL m a551.45 ELL m 16-5 aJawa Barat :bPakar Media,c2011 2rdacontentateks 2rdamediaatanpa perantara 2rdacarrieravolume aIndeks,Hlm 56,glosarium,Hlm 58 4aLautan0 aEditor,Diah RahmatiaePengarang aPUPAD260513 0  a23.471/H/DPK/17 a23.470/H/DPK/17